[Event "Ceske Budejovice op-B"]
[Site "Ceske Budejovice"]
[Date "2022.07.07"]
[Round "7"]
[White "Petkov, Andon"]
[Black "Smola, Jan1111"]
[Result "1-0"]
[WhiteElo "1702"]
[BlackElo "1388"]
[PlyCount "27"]
[EventDate "2022.07.01"]
[EventType "swiss"]
[EventRounds "9"]
[EventCountry "CZE"]
[SourceTitle "EXT 2023"]
[Source "ChessBase"]
[SourceDate "2022.10.05"]
[SourceVersion "1"]
[SourceVersionDate "2022.10.05"]
[SourceQuality "1"]

1. e4 c5 2. d4 cxd4 3. c3 dxc3 4. Nxc3 Nc6 5. Nf3 e5 6. Bc4 Nf6 7. Ng5 Bb4 8. Bxf7+ Ke7 9. Bb3 Bxc3+ 10. bxc3 Qa5 11. 0-0 Qxc3 12. Ba3+ Ke8 13. Bf7+ Kd8 14. Ne6# 1-0

[Event "Ceske Budejovice op-B"]
[Site "Ceske Budejovice"]
[Date "2022.07.05"]
[Round "5"]
[White "Petkov, Andon"]
[Black "Aisha, Mohamed Al Muaini"]
[Result "1/2-1/2"]
[WhiteElo "1702"]
[BlackElo "1240"]
[PlyCount "54"]
[EventDate "2022.07.01"]
[EventType "swiss"]
[EventRounds "9"]
[EventCountry "CZE"]
[SourceTitle "EXT 2023"]
[Source "ChessBase"]
[SourceDate "2022.10.05"]
[SourceVersion "1"]
[SourceVersionDate "2022.10.05"]
[SourceQuality "1"]

1. b3 Nf6 2. Bb2 g6 3. e4 d6 4. d3 e5 5. Nf3 Bg7 6. Be2 0-0 7. Na3 Nbd7 8. Nc4 Qe7 9. Ne3 c6 10. c4 h6 11. 0-0 Nh5 12. g3 Nhf6 13. Nh4 Ne8 14. Qc2 Kh7 15. Rad1 a5 16. Nhg2 f5 17. f4 fxe4 18. dxe4 Nef6 19. f5 g5 20. Bf3 h5 21. h3 Rh8 22. Qd3 Nc5 23. Qc2 Bd7 24. Ba3 Be8 25. Bxc5 dxc5 26. Qd2 Bf8 27. Kf2 Qg7 1/2-1/2

[Event "Ceske Budejovice op-B"]
[Site "Ceske Budejovice"]
[Date "2022.07.04"]
[Round "4"]
[White "Barta, David"]
[Black "Petkov, Andon"]
[Result "0-1"]
[WhiteElo "1439"]
[BlackElo "1702"]
[PlyCount "120"]
[EventDate "2022.07.01"]
[EventType "swiss"]
[EventRounds "9"]
[EventCountry "CZE"]
[SourceTitle "EXT 2023"]
[Source "ChessBase"]
[SourceDate "2022.10.05"]
[SourceVersion "1"]
[SourceVersionDate "2022.10.05"]
[SourceQuality "1"]

1. e4 Nc6 2. Nf3 e5 3. Bb5 Nge7 4. 0-0 g6 5. Re1 Bg7 6. Nc3 0-0 7. d3 d6 8. Bg5 f6 9. Bc4+ Kh8 10. Bd2 Bg4 11. h3 Bd7 12. Nd5 Nxd5 13. Bxd5 Qc8 14. g4 Ne7 15. Bb3 h5 16. Kg2 Kh7 17. Rh1 Bh6 18. g5 fxg5 19. Nxg5+ Kg7 20. Be3 Nc6 21. a3 Qe8 22. h4 Qe7 23. Qd2 Rh8 24. Raf1 Raf8 25. f3 Nd4 26. Ba2 c5 27. c3 Ne6 28. Nxe6+ Bxe6 29. Bxh6+ Rxh6 30. Bxe6 Qxe6 31. Qg5 Rf4 32. Kf2 Rh8 33. Rhg1 Qf6 34. Qxf6+ Kxf6 35. Rh1 b5 36. Ke3 Rg8 37. Rfg1 g5 38. Rg3 Rg7 39. hxg5+ Rxg5 40. Kf2 Rxg3 41. Kxg3 Kg5 42. Rf1 Rf8 43. b4 Rf7 44. bxc5 dxc5 45. Rb1 Rb7 46. c4 a6 47. cxb5 Rxb5 48. Rc1 h4+ 49. Kg2 Kf4 50. Rc2 Ke3 51. a4 Ra5 52. Ra2 Kxd3 53. Kh3 c4 54. Kxh4 c3 55. Kg4 c2 56. Ra3+ Kd2 57. Ra2 Kd1 58. Ra1+ c1Q 59. Rxc1+ Kxc1 60. f4 Rxa4 0-1

[Event "Ceske Budejovice op-B"]
[Site "Ceske Budejovice"]
[Date "2020.07.07"]
[Round "7"]
[White "Petkov, Andon"]
[Black "Tajovsky, Simon"]
[Result "0-1"]
[WhiteElo "1776"]
[BlackElo "1594"]
[PlyCount "72"]
[EventDate "2020.07.01"]
[EventType "swiss"]
[EventRounds "9"]
[EventCountry "CZE"]
[SourceTitle "CBM 197 Extra"]
[Source "ChessBase"]
[SourceDate "2020.09.30"]
[SourceVersion "1"]
[SourceVersionDate "2020.09.30"]
[SourceQuality "1"]

1. Nc3 c5 2. e4 Nc6 3. g3 g6 4. Bg2 Bg7 5. Nge2 e6 6. 0-0 Nge7 7. d3 0-0 8. Be3 b6 9. Qd2 Re8 10. h4 Bb7 11. f4 d5 12. Nd1 Qc7 13. c3 Rad8 14. Qc2 Rd7 15. Nf2 Red8 16. Rad1 d4 17. Bc1 b5 18. c4 Nb4 19. Qb3 bxc4 20. Qxc4 Rb8 21. Qb3 Ba6 22. Qa3 Rb5 23. Bd2 Nec6 24. Bxb4 Nxb4 25. e5 Qb6 26. Rc1 Ra5 27. Qb3 Nxd3 28. Nxd3 Qxb3 29. axb3 Bxd3 30. Bf3 Rd8 31. Rfd1 Bb5 32. Rxc5 Bxe2 33. Rxa5 Bxf3 34. Rda1 d3 35. Kf2 Bg4 36. Ke1 d2+ 0-1

[Event "Tabor op"]
[Site "Tabor"]
[Date "2010.08.06"]
[Round "7"]
[White "Petkov, Andon"]
[Black "Horak, Vladimir"]
[Result "0-1"]
[WhiteElo "1830"]
[BlackElo "2082"]
[PlyCount "82"]
[EventDate "2010.08.01"]
[EventType "swiss"]
[EventRounds "9"]
[EventCountry "CZE"]
[SourceTitle "EXT 2012"]
[Source "ChessBase"]
[SourceDate "2011.11.24"]
[SourceVersion "1"]
[SourceVersionDate "2011.11.24"]
[SourceQuality "1"]

1. d4 e6 2. Nf3 d5 3. Bf4 Bd6 4. Ne5 Nd7 5. Nd2 f6 6. Nd3 e5 7. dxe5 fxe5 8. Bg3 Ngf6 9. c4 c6 10. e3 Qe7 11. Be2 0-0 12. 0-0 b6 13. Rb1 a5 14. a3 Ba6 15. cxd5 cxd5 16. Ne1 b5 17. Nef3 Rfc8 18. Rc1 a4 19. Rxc8+ Rxc8 20. Qb1 Nb6 21. Rc1 Nc4 22. Bxc4 bxc4 23. Qf5 Nd7 24. Bh4 Qf7 25. Qh3 Nc5 26. Nb1 Nd3 27. Rc2 Rb8 28. Bg3 Bc8 29. Qh4 Be7 30. Ng5 Qg6 31. Qxh7+ Qxh7 32. Nxh7 Bf5 33. Nc3 Nxb2 34. Bxe5 Rb7 35. Rd2 Nd3 36. g4 Bxg4 37. f4 Kxh7 38. Bxg7 Bxa3 39. Bd4 Bf3 40. h3 Bc1 41. Ra2 a3 0-1

[Event "Tabor op"]
[Site "Tabor"]
[Date "2010.08.02"]
[Round "2"]
[White "Bartos, Alois"]
[Black "Petkov, Andon"]
[Result "0-1"]
[WhiteElo "2094"]
[BlackElo "1830"]
[PlyCount "133"]
[EventDate "2010.08.01"]
[EventType "swiss"]
[EventRounds "9"]
[EventCountry "CZE"]
[SourceTitle "EXT 2012"]
[Source "ChessBase"]
[SourceDate "2011.11.24"]
[SourceVersion "1"]
[SourceVersionDate "2011.11.24"]
[SourceQuality "1"]

1. e4 d6 2. d4 Nf6 3. Bd3 e5 4. c3 Be7 5. Nf3 Nbd7 6. 0-0 0-0 7. Re1 c6 8. a4 b6 9. Nbd2 Bb7 10. Nf1 Re8 11. Ng3 g6 12. h3 Bf8 13. Be3 Qe7 14. Qd2 Rad8 15. Bg5 Qe6 16. Bb1 Bg7 17. Nh2 Qe7 18. Ng4 Qf8 19. Ba2 d5 20. exd5 exd4 21. cxd4 cxd5 22. Qf4 Rxe1+ 23. Rxe1 Re8 24. Rxe8 Nxe8 25. Nh6+ Bxh6 26. Bxh6 Qd6 27. Qe3 Ng7 28. Bf4 Qe6 29. b4 Nf6 30. Qxe6 Nxe6 31. Be3 Kf8 32. Ne2 Ke7 33. f3 Kd6 34. h4 Nh5 35. g4 Nhg7 36. Bf2 h5 37. Bg3+ Ke7 38. Kf2 f6 39. Ke3 Ne8 40. gxh5 gxh5 41. Bb8 a6 42. Bb1 Bc6 43. Ba7 Nd6 44. Bd3 Bxa4 45. Nc3 Bb3 46. Bxb6 Nc4+ 47. Bxc4 Bxc4 48. Nb1 Ng7 49. f4 Nf5+ 50. Kf2 Nxh4 51. Nd2 Ke6 52. Nf3 Ng6 53. Kg3 Kf5 54. Bc7 Be2 55. Nd2 h4+ 56. Kf2 Bg4 57. Ke3 h3 58. Nf1 Nh4 59. Kf2 Ke4 60. Kg3 Be2 61. Nh2 Nf5+ 62. Kxh3 Nxd4 63. Kg3 Ne6 64. Bd6 d4 65. Kf2 d3 66. Ke1 Nd4 67. Kd2 0-1

[Event "Tabor op"]
[Site "Tabor"]
[Date "2010.08.02"]
[Round "3"]
[White "Petkov, Andon"]
[Black "Heinzel, Olaf"]
[Result "0-1"]
[WhiteElo "1830"]
[BlackElo "2327"]
[PlyCount "80"]
[EventDate "2010.08.01"]
[EventType "swiss"]
[EventRounds "9"]
[EventCountry "CZE"]
[SourceTitle "EXT 2012"]
[Source "ChessBase"]
[SourceDate "2011.11.24"]
[SourceVersion "1"]
[SourceVersionDate "2011.11.24"]
[SourceQuality "1"]

1. b3 d5 2. Bb2 Nf6 3. Nf3 Bf5 4. e3 h6 5. d3 Nbd7 6. Nbd2 e6 7. Ne5 Nxe5 8. Bxe5 Bd6 9. Nf3 0-0 10. Be2 Bb4+ 11. Nd2 Nd7 12. Bb2 e5 13. 0-0 Qe7 14. a3 Ba5 15. b4 Bb6 16. e4 dxe4 17. dxe4 Bg6 18. Bc4 Rad8 19. Qe2 Nf6 20. Bd3 Bh5 21. Qe1 Bg4 22. Kh1 Nh5 23. f3 Bc8 24. Rd1 Nf4 25. Nc4 Bd4 26. Bxd4 Rxd4 27. Rf2 Nxd3 28. cxd3 Rfd8 29. Qc3 f6 30. Ne3 Qd6 31. Rfd2 Qa6 32. Nc2 R4d7 33. h3 Kh7 34. d4 exd4 35. Rxd4 Qb6 36. Rxd7 Rxd7 37. Re1 Qf2 38. Ne3 Rd2 39. Rg1 Bxh3 40. Qxc7 Qxe3 0-1

[Event "Tabor op"]
[Site "Tabor"]
[Date "2007.08.04"]
[Round "8"]
[White "Hlavsa, Filip"]
[Black "Petkov, Andon"]
[Result "0-1"]
[WhiteElo "1522"]
[BlackElo "1852"]
[PlyCount "134"]
[EventDate "2007.07.29"]
[EventType "swiss"]
[EventRounds "9"]
[EventCountry "CZE"]
[SourceTitle "EXT 2009"]
[Source "ChessBase"]
[SourceDate "2008.11.26"]
[SourceVersion "1"]
[SourceVersionDate "2008.11.26"]
[SourceQuality "1"]

1. d4 Nf6 2. c4 e6 3. Bg5 Be7 4. Nc3 d5 5. Nf3 0-0 6. e3 c6 7. cxd5 exd5 8. Qc2 Re8 9. Bd3 Nbd7 10. 0-0 Nf8 11. Rab1 a5 12. Nd2 Nh5 13. Bxe7 Qxe7 14. Rbe1 Bd7 15. f3 Qg5 16. f4 Qe7 17. e4 Qb4 18. Ne2 dxe4 19. Bxe4 Bg4 20. Bf3 Bxf3 21. Nxf3 Rad8 22. a3 Qb6 23. f5 Nf6 24. Nc3 N8d7 25. h3 Qc7 26. Qc1 Nb6 27. Rxe8+ Rxe8 28. Ne5 Nbd5 29. Na4 Nd7 30. Nxd7 Qxd7 31. Re1 h6 32. g4 Rxe1+ 33. Qxe1 Nf4 34. Qe3 Qxd4 35. Qxd4 Ne2+ 36. Kf2 Nxd4 37. Nc5 b6 38. Nd7 b5 39. Ke3 Nb3 40. Nb8 c5 41. Ke4 Kf8 42. Kd5 Ke7 43. Na6 c4 44. Nc7 b4 45. axb4 c3 46. bxc3 a4 47. Nb5 Nd2 48. Na3 Kd7 49. c4 Nf3 50. Ke4 Ng5+ 51. Ke5 Nxh3 52. b5 Nf2 53. Kf4 Nd3+ 54. Ke3 Nc5 55. Kd4 Kd6 56. Kc3 g6 57. fxg6 fxg6 58. Kd4 h5 59. gxh5 gxh5 60. Ke3 Ke5 61. Nc2 h4 62. Kf3 Kf5 63. b6 Nb7 64. Nd4+ Ke5 65. Nb5 Nd6 66. Nxd6 Kxd6 67. c5+ Kc6 0-1

[Event "Strmilov op"]
[Site "Strmilov"]
[Date "2004.05.08"]
[Round "7"]
[White "Petkov, Andon"]
[Black "Lauko, Marian"]
[Result "0-1"]
[WhiteElo "1770"]
[BlackElo "1886"]
[PlyCount "51"]
[EventDate "2004.05.05"]
[EventType "swiss"]
[EventRounds "9"]
[EventCountry "CZE"]
[SourceTitle "EXT 2006"]
[Source "ChessBase"]
[SourceDate "2005.11.24"]
[SourceVersion "1"]
[SourceVersionDate "2005.11.24"]
[SourceQuality "1"]

1. d4 d5 2. Nf3 Nf6 3. Bg5 e6 4. e3 c6 5. Nbd2 Be7 6. Bd3 Nbd7 7. 0-0 0-0 8. Qe2 c5 9. c3 b6 10. Ne5 Nxe5 11. dxe5 Nd7 12. Bxe7 Qxe7 13. f4 a5 14. Nf3 Bb7 15. Bxh7+ Kxh7 16. Ng5+ Kh6 17. Qg4 Rh8 18. Rf3 g6 19. Raf1 Kg7 20. Rg3 Rh6 21. Rh3 Rxh3 22. Qxh3 Rh8 23. Qg4 Rh5 24. Rf3 Nxe5 25. Nxe6+ Qxe6 26. f5 0-1